Statistics for James Bond Movie Trivia

Click here to take the quiz!

General Stats

  • This quiz has been taken 55 times
    (41 since last reset)
  • The average score is 14 of 24

Answer Stats

QuestionAnswer% Correct
Which character was played by Desmond Llewellyn?Q
84%
Who plays Alex Trevelyan in "Golden Eye"?Sean Bean
84%
In what sport do Bond and Goldfinger compete?Golf
84%
What does "Jaws" kill at the end of "The Spy Who Loved Me?"Shark
78%
"You Only Live Twice" is mostly set in which country?Japan
78%
In "Moonraker", the villian Scaramanga has an extra what?Nipple
78%
Where does Rosa Klebb keep her poison-tipped knife?Shoe
69%
Who is the main villain in "Moonraker"?Hugo Drax
66%
Who plays Bond's wife in "On Her Majesty's Secret Service"?Diana Rigg
63%
What does Solitaire use to predict the future in "Live and Let Die"?Tarot Cards
63%
George Lazenby was from which country?Australia
63%
In a "View To A Kill", what does Mayday jump from?Eiffel Tower
63%
What is the precious commodity in the plot of "Quantum of Solace"?Water
59%
On what does Bond cross the Czech border in "The Living Daylights?"Cello case
59%
Who is Bond's love interest in "Casino Royale"?Vesper Lynd
59%
With what invertebrate is used to attempt to kill Bond in "Dr No"Spider
50%
Harold Sakata, who played Oddjob, competed in the Olympics in what event?Weightlifting
47%
Who played the original Miss Moneypenny?Lois Maxwell
44%
Who helps Thumper fight Bond in "Diamonds are Forever"?Bambi
44%
Who plays Red Grant in "From Russia With Love"?Robert Shaw
41%
What is the name of Bond's love interest in "Thunderball", played by Claudine Auger?Domino Derval
34%
What creature is Helga Brandt fed to in "You Only Live Twice"?Piranha
34%
Whose body does Bond find in a swimming pool in "Diamonds are Forever"?Plenty O'Toole
28%
What is the name of the CIA agent in Dr No whose cover is a Jamaican fisherman?Quarrel
25%

Score Distribution

Percentile by Number Answered

Percent of People with Each Score

Your Score History

You have not taken this quiz since the last reset